书目信息 |
| 题名: |
简易农田水利工程测量
|
|
| 作者: | ;山西省水利局 , 河北水利水电学院 编 | |
| 分册: | ||
| 出版信息: | 北京 水利电力出版社 1976 |
|
| 页数: | 183页 | |
| 开本: | 19cm | |
| 丛书名: | ||
| 单 册: | ||
| 中图分类: | P204 | |
| 科图分类: | ||
| 主题词: | 农田水利-工程测量 , 测绘学 , 测量学 , 工程测量-农田水利 | |
| 电子资源: | ||
| ISBN: | ||
| 000 | 00883nam0 2200277 45 | |
| 001 | 0176001886 | |
| 005 | 20060518104110.20 | |
| 010 | @dCNY0.43 | |
| 091 | @a15143.3219 | |
| 100 | @a19951025d1976 em y0chiy0121 ea | |
| 101 | 0 | @achi |
| 102 | @aCN@b110000 | |
| 105 | @ay z 000yy | |
| 200 | 10 | @a简易农田水利工程测量@Ajian yi nong tian shui li gong cheng ce liang@f山西省水利局, 河北水利水电学院编@Fshan xi sheng shui li ju,he bei shui li shui dian xue yuan bian |
| 210 | @a北京@c水利电力出版社@d1976 | |
| 215 | @a183页@d19cm | |
| 606 | @a农田水利-工程测量 | |
| 606 | 0 | @a测绘学 |
| 606 | 0 | @a测量学 |
| 606 | @a工程测量-农田水利 | |
| 690 | @aP204@v3 | |
| 711 | 02 | @a山西省水利局@Ashan xi sheng shui li ju@4编 |
| 711 | 02 | @a河北水利水电学院@Ahe bei shui li shui dian xue yuan@4编 |
| 801 | 0 | @aCN@bTSSF@c20060518 |
| 801 | 2 | @aCN@bNLC@c20051219 |
| 905 | @a10447@dP204@e3 | |
| 简易农田水利工程测量/山西省水利局, 河北水利水电学院编.-北京:水利电力出版社,1976 |
| 183页;19cm |
| ISBN :CNY0.43 |
| ● |
| 相关链接 |
|
|
|
|
正题名:简易农田水利工程测量
索取号:P204/3
 
预约/预借
| 序号 | 登录号 | 条形码 | 馆藏地/架位号 | 状态 | 备注 |
| 1 | 0008316 | 202348147 | 密集书库/ [索取号:P204/3] | 在馆 | |
| 2 | 0008317 | 202178268 | 密集书库/ [索取号:P204/3] | 在馆 | |
| 3 | 0008318 | 202177349 | 密集书库/ [索取号:P204/3] | 在馆 |